| 000 | 01092cam a22003253a 4500 | ||
|---|---|---|---|
| 001 | 14749 | ||
| 003 | PGUSA | ||
| 005 | 20140828083321.0 | ||
| 008 | 050121s2005||||xxu|||||s|||||000 | eng d | ||
| 040 |
_aPGUSA _beng |
||
| 042 | _adc | ||
| 050 | 4 | _aPB | |
| 100 | 1 |
_aRolleston, T. W. _q(Thomas William), _d1857-1920 |
|
| 245 | 1 | 4 |
_aThe High Deeds of Finn and other Bardic Romances of Ancient Ireland _h[electronic resource] / _cT. W. Rolleston |
| 260 |
_bProject Gutenberg, _c2005 |
||
| 506 | _aPublic domain in the USA. | ||
| 516 | _aElectronic text | ||
| 653 | _aHeroes -- Ireland -- Legends | ||
| 653 | _aFinn MacCool -- Legends | ||
| 653 | _aBards and bardism | ||
| 653 | _aCormac Mac Airt, King of Ireland, fl. 227-260 -- Legends | ||
| 653 | _aTales -- Ireland | ||
| 653 | _aMythology, Celtic -- Ireland | ||
| 653 | _aEpic literature, Irish -- Translations into English | ||
| 700 | 1 |
_aBrooke, Stopford Augustus, _d1832-1916 |
|
| 700 | 1 |
_aReid, Stephen, _d1873-1948 |
|
| 830 | 0 |
_aProject Gutenberg _v14749 |
|
| 856 | 4 | 0 | _uhttp://www.gutenberg.org/ebooks/14749 |
| 942 | _cEB | ||
| 999 |
_c244004 _d244004 |
||